|
|
|
|
| LEADER |
00000cam a2200000 c 4500 |
| 001 |
13224375X |
| 003 |
DE-627 |
| 005 |
20251222201450.0 |
| 007 |
tu |
| 008 |
940207s1988 xxu||||| 00| ||eng c |
| 020 |
|
|
|a 0131833286
|9 0-13-183328-6
|
| 035 |
|
|
|a (DE-627)13224375X
|
| 035 |
|
|
|a (DE-576)014158035
|
| 035 |
|
|
|a (DE-599)GBV13224375X
|
| 035 |
|
|
|a (OCoLC)16081998
|
| 035 |
|
|
|a (OCoLC)16081998
|
| 040 |
|
|
|a DE-627
|b ger
|c DE-627
|e rakwb
|
| 041 |
|
|
|a eng
|
| 044 |
|
|
|c XD-US
|
| 050 |
|
0 |
|a BF637.C6
|
| 082 |
0 |
|
|a 158.3
|
| 082 |
0 |
|
|a 158/.3
|q OCLC
|
| 084 |
|
|
|a CU 7000
|2 rvk
|0 (DE-625)rvk/19119:
|
| 100 |
1 |
|
|a Hackney, Harold
|d 1935-2020
|0 (DE-588)1145405746
|0 (DE-627)100654058X
|0 (DE-576)161258522
|4 aut
|
| 109 |
|
|
|a Hackney, Harold 1935-2020
|
| 245 |
1 |
0 |
|a Counseling strategies and interventions
|c Harold Hackney, L. Sherilyn Cormier
|
| 250 |
|
|
|a 3. ed., rev.
|
| 264 |
|
1 |
|a Englewood Cliffs, NJ
|b Prentice Hall
|c 1988
|
| 300 |
|
|
|a X, 182 S
|
| 336 |
|
|
|a Text
|b txt
|2 rdacontent
|
| 337 |
|
|
|a ohne Hilfsmittel zu benutzen
|b n
|2 rdamedia
|
| 338 |
|
|
|a Band
|b nc
|2 rdacarrier
|
| 500 |
|
|
|a Literaturangaben
|
| 583 |
1 |
|
|a Archivierung prüfen
|c 20200919
|f DE-640
|z 3
|2 pdager
|
| 583 |
1 |
|
|a Archivierung prüfen
|c 20240324
|f DE-4165
|z 1
|2 pdager
|
| 650 |
|
0 |
|a Counseling psychology
|v Textbooks
|
| 700 |
1 |
|
|a Cormier, L. Sherilyn
|d 1946-
|0 (DE-588)108917408X
|0 (DE-627)851020968
|0 (DE-576)459864858
|4 aut
|
| 700 |
1 |
|
|8 1\p
|a Cormier, L. Sherilyn
|d 1946-
|0 (DE-588)108917408X
|0 (DE-627)851020968
|0 (DE-576)459864858
|4 oth
|
| 883 |
|
|
|8 1\p
|a cgwrk
|d 20241001
|q DE-101
|u https://d-nb.info/provenance/plan#cgwrk
|
| 935 |
|
|
|i Blocktest
|
| 936 |
r |
v |
|a CU 7000
|b Psychologische Beratung (außer Berufsberatung)
|k Psychologie
|k Klinische Psychologie
|k Psychologische Beratung (außer Berufsberatung)
|0 (DE-627)1271484412
|0 (DE-625)rvk/19119:
|0 (DE-576)201484412
|
| 951 |
|
|
|a BO
|
| ELC |
|
|
|b 1
|
| LOK |
|
|
|0 000 xxxxxcx a22 zn 4500
|
| LOK |
|
|
|0 001 3292615887
|
| LOK |
|
|
|0 003 DE-627
|
| LOK |
|
|
|0 004 13224375X
|
| LOK |
|
|
|0 005 20151030140907
|
| LOK |
|
|
|0 008 880608||||||||||||||||ger|||||||
|
| LOK |
|
|
|0 040
|a DE-21
|c DE-627
|d DE-21
|
| LOK |
|
|
|0 852
|a DE-21
|
| LOK |
|
|
|0 852 1
|c KB 8 E 1396
|9 00
|
| LOK |
|
|
|0 935
|a krim
|
| LOK |
|
|
|0 939
|a 08-06-88
|b l01
|
| ORI |
|
|
|a SA-MARC-krimdoka001.raw
|
| SIG |
|
|
|a UB: KB 8 E 1396
|